000 00213nam a22001097a 4500
082 _aJIN
100 _aM A Jinnah
245 _aLetters of Iqbal to jinnah
260 _aLahore
_c1974
300 _aIRP
942 _cBK
999 _c14773
_d14773